| 000 | 00762nam a22002057a 4500 | ||
|---|---|---|---|
| 999 |
_c930 _d930 |
||
| 003 | AR-CdUCM | ||
| 008 | 190225b ||||| |||| 00| 0 spa d | ||
| 040 |
_aMUNICIPALIDAD PROVINCIAL DEL CUSCO _cBIBLIOTECA MUNICIPAL DEL CUSCO |
||
| 082 |
_22ed. _a375.5 / _bB23 |
||
| 100 |
_aBarrantes, Emilio _93583 |
||
| 245 | _aVida en las aulas / | ||
| 300 |
_a179 páginas ; _c20 cm. |
||
| 505 | _aLa escuelita de Palca -- Transición -- Dos experiencias en una -- Folklore y educación -- El axpecto moral de los exámenes -- Ambiente social y Ambiente escolar... | ||
| 650 |
_aSan Marcos. _93584 |
||
| 650 |
_aEducación peruana. _93585 |
||
| 650 |
_aFolklore y educación. _93586 |
||
| 650 |
_aEducación moral. _93587 |
||
| 942 |
_2ddc _cLIBROS |
||
| 945 |
_awfj _d2019-02-25 |
||